Managerial accounting : (Record no. 6440)

MARC details
000 -LEADER
fixed length control field 00697nam a22002057a 4500
003 - CONTROL NUMBER IDENTIFIER
control field OSt
005 - DATE AND TIME OF LATEST TRANSACTION
control field 20251127103157.0
008 - FIXED-LENGTH DATA ELEMENTS--GENERAL INFORMATION
fixed length control field 251127b |||||||| |||| 00| 0 eng d
020 ## - INTERNATIONAL STANDARD BOOK NUMBER
International Standard Book Number 0-03-018193-3.
040 ## - CATALOGING SOURCE
Original cataloging agency DWCL-Main lib
Transcribing agency OC
082 ## - DEWEY DECIMAL CLASSIFICATION NUMBER
Edition number 6th ed.
Classification number Circ. 658.15 M215m 1997
100 ## - MAIN ENTRY--PERSONAL NAME
Personal name Michael W. Maher
245 ## - TITLE STATEMENT
Title Managerial accounting :
Remainder of title an introduction to concepts, methods and uses/
Statement of responsibility, etc. Michael W. Maher
260 ## - PUBLICATION, DISTRIBUTION, ETC.
Place of publication, distribution, etc. Forth Worth :
Name of publisher, distributor, etc. The Dryden Press/ Harcourt Brace College Publishers,
Date of publication, distribution, etc. c1997.
300 ## - PHYSICAL DESCRIPTION
Extent various pagings :
Other physical details ill. ;
Dimensions 25 cm.
650 ## - SUBJECT ADDED ENTRY--TOPICAL TERM
Topical term or geographic name entry element Managerial accounting.
700 ## - ADDED ENTRY--PERSONAL NAME
Personal name Clyde P. Stickney
700 ## - ADDED ENTRY--PERSONAL NAME
Personal name Roman L. Weil
942 ## - ADDED ENTRY ELEMENTS (KOHA)
Source of classification or shelving scheme Dewey Decimal Classification
Koha item type Book Circulation
Edition 6th ed.
Call number prefix Circ.
Suppress in OPAC No
952 ## - LOCATION AND ITEM INFORMATION (KOHA)
--
Holdings
Withdrawn status Lost status Source of classification or shelving scheme Damaged status Not for loan Home library Current library Shelving location Date acquired Source of acquisition Cost, normal purchase price Total Checkouts Full call number Barcode Date last seen Copy number Price effective from Koha item type Uniform Resource Identifier
    Dewey Decimal Classification     College Library College Library Circulation 06/04/2007 Donation 0.00   Circ. 658.15 M215m 1997 CL44632 11/27/2025 c1 11/27/2025 BK-CIRC